Niezapomniane Jedenastki #22: Brazylia 2019 - Statystyki

Ogólne statystyki
  • Ten quiz został rozwiązany 108 razy
  • Średni wynik to 8 z 11
Statystyki odpowiedzi
Pozycja Klub Zawodnik % Poprawnych
BR Liverpool Alisson
100%
ŚPD Real Madryt Casemiro
95%
ŚO Paris SG Thiago Silva
90%
N Liverpool Roberto Firmino
89%
N Man City Gabriel Jesus
88%
ŚO Paris SG Marquinhos
87%
PO Paris SG Dani Alves
80%
ŚPO Barcelona Philippe Coutinho
75%
LO Atletico Filipe Luis
65%
ŚP Barcelona Arthur Melo
61%
LS Gremio Everton
18%
Nie znaleziono quizów pasujących do podanych kryteriów
Rozkład punktacji
Procent ludzi z każdym wynikiem
Percentyl według liczby udzielonych odpowiedzi
Twoja historia wyników
Nie rozwiązałeś tego quizu